000 00518nam a2200193Ia 4500
008 160319s9999 xx 000 0 und d
245 4 _aThe eye :
245 _bstructure and function /
245 _cDiscovery Channel School.
260 _a Silver Spring, Maryland : 
260 _bDiscovery Communications.
260 _c2004
300 _a1 videodiscs (approximately 26 min. ) :
300 _bsound, colored ;
300 _c4 3/4 in.
650 _aEye --
650 _aVision.
650 _xAnatomy.
999 _c292819
_d292819